000 01195cam a22003375a 4500
003 EG-ScBUE
005 20220417125312.0
008 180829s1998 enka f b 001 0 eng d
020 _a0631193170 (acid-free paper)
020 _a9780631193173
040 _aEG-ScBUE
_beng
_erda
_cEG-ScBUE
_dEG-ScBUE
082 0 4 _a401.9
_bGAR
_222
100 1 _aGarton, Alison,
_d1950-
_eauthor.
245 1 0 _aLearning to be literate :
_bthe development of spoken and written language /
_cAlison Garton, Chris Pratt.
250 _aSecond edition.
264 1 _aOxford :
_bBlackwell Publishers Inc.,
_c1998.
300 _axi, 300 pages :
_billustrations ;
_c23 cm
336 _2rdacontent
_atext
_btxt
337 _2rdamedia
_aunmediated
_bn
338 _2rdacarrier
_avolume
_bnc
504 _aIncludes bibliographical references and index.
650 7 _aLanguage acquisition.
_2BUEsh
_931982
650 7 _aLiteracy.
_2BUEsh
650 7 _aWritten communication
_xStudy and teaching.
_2BUEsh
650 7 _aChildren
_xLanguage.
_2BUEsh
651 _2BUEsh
653 _bHHUUEENN
_cAugust2018
_cJuly2019
655 _vReading book
_934232
700 1 _aPratt, C.
_q(Christopher),
_d1950-
_eauthor.
942 _cBB
_2ddc
999 _c7277
_d7277